University Home | Library Home | Institutional Repository

The first baby : (Record no. 37480)

MARC details
000 -LEADER
fixed length control field 00451cam4a220018100 4500
001 - CONTROL NUMBER
control field tmp15935472
003 - CONTROL NUMBER IDENTIFIER
control field UPRA
005 - DATE AND TIME OF LATEST TRANSACTION
control field 20190813155802.0
008 - FIXED-LENGTH DATA ELEMENTS--GENERAL INFORMATION
fixed length control field 951114s1991 xx eng u
035 ## - SYSTEM CONTROL NUMBER
System control number (Sirsi) r50065
035 ## - SYSTEM CONTROL NUMBER
System control number (UPRA)tmp15935472
040 ## - CATALOGING SOURCE
Transcribing agency UPRA
100 1# - MAIN ENTRY--PERSONAL NAME
Titles and words associated with a name Dr.
Linkage A8118.1
245 14 - TITLE STATEMENT
Title The first baby :
Remainder of title a guide for new mothers.
260 ## - PUBLICATION, DISTRIBUTION, ETC.
Date of publication, distribution, etc. 1991.
949 ## - LOCAL PROCESSING INFORMATION (OCLC)
a RJ101
w LC
i -62933
m MEDICAL
t BOOK
l ON-SHELF
Holdings
Withdrawn status Lost status Source of classification or shelving scheme Damaged status Not for loan Home library Current library Shelving location Total Checkouts Full call number Barcode Date last seen Copy number Price effective from Koha item type
    Library of Congress Classification     Medical Library Medical Library On Shelf   RJ101 -62933 08/13/2019 1 08/13/2019 Book
© 2026 - The University of Zambia Library - Koha v25.11